[Event "Women's World Teams 2015"]
[Site "Chengdu CHN"]
[Date "2015.04.26"]
[Round "7.5"]
[Board "3"]
[White "Sherif, Amina"]
[Black "Bartel, Marta"]
[Result "0-1"]
[WhiteTitle "WIM"]
[BlackTitle "WGM"]
[WhiteElo "1961"]
[BlackElo "2350"]
[WhiteTeam "EGYPT"]
[BlackTeam "POLAND"]
[WhiteFideId "12911690"]
[BlackFideId "1123009"]
[EventDate "2015.04.19"]

1. e4 g6 2. Nc3 Bg7 3. f4 a6 4. d4 b5 5. Nf3 b4 6. Nd5 Bb7 7. Nxb4 Bxe4 8. c3
Nf6 9. Bd3 Bb7 10. f5 O-O 11. O-O a5 12. Nc2 Na6 13. Qe1 c5 14. Qh4 cxd4 15.
Ncxd4 Nc5 16. Bc2 Nce4 17. Bh6 e6 18. fxg6 fxg6 19. Rae1 Bxh6 20. Qxh6 Qe7 21.
Qh4 Nd6 22. Ne5 Qg7 23. Ndf3 Nf5 24. Qg5 d6 25. Nc4 Ba6 26. Bd3 d5 27. Nce5 Bxd3
28. Nxd3 Ne4 29. Qc1 a4 30. Nf4 Qa7+ 31. Kh1 Nf2+ 32. Rxf2 Qxf2 33. Nxe6 Rfe8
34. Rf1 Qb6 35. Nf4 Rad8 36. Rd1 Qe3 37. Qxe3 Nxe3 38. Rd3 Nc4 39. b3 Ne5 40.
Nxe5 Rxe5 41. Kg1 a3 42. Rd2 Rf8 43. g3 Re1+ 44. Kg2 Rb1 45. Nd3 Rc8 46. Kf2
Rxc3 47. Ke3 Rb2 48. Ke2 Rcc2 49. Nxb2 axb2 50. Rxc2 b1=Q 51. Kd2 Kf7 52. Rc7+
Ke6 53. Ra7 Ke5 54. Ra4 d4 55. b4 Qb2+ 56. Kd1 d3 57. Ra5+ Kd4 58. Rc5 Qe2+ 0-1

[Event "Women's World Teams 2015"]
[Site "Chengdu CHN"]
[Date "2015.04.26"]
[Round "7.5"]
[Board "4"]
[White "Kulon, Klaudia"]
[Black "Wafa, Shrook"]
[Result "0-1"]
[WhiteTitle "WGM"]
[BlackTitle "WGM"]
[WhiteElo "2310"]
[BlackElo "2058"]
[WhiteTeam "POLAND"]
[BlackTeam "EGYPT"]
[WhiteFideId "1131044"]
[BlackFideId "10609970"]
[EventDate "2015.04.19"]

1. e4 c5 2. Nf3 d6 3. d4 cxd4 4. Nxd4 Nf6 5. Nc3 Nc6 6. Bg5 e6 7. Qd2 Be7 8.
O-O-O a6 9. f3 O-O 10. g4 d5 11. Nb3 dxe4 12. Qe1 Qc7 13. Bxf6 Bxf6 14. Nxe4
Qf4+ 15. Kb1 Qxf3 16. Bd3 Be7 17. Qc3 Qf4 18. Nd4 Nxd4 19. Qxd4 Qc7 20. h4 e5
21. Qg1 b5 22. Ng5 h6 23. Ne4 g6 24. Rf1 Bb7 25. Qe3 Kg7 26. h5 Bxe4 27. Qxe4
Qd6 28. Rf3 Rad8 29. Rhf1 Qe6 30. c3 Bg5 31. Bc2 Bf4 32. hxg6 Qxg6 33. Rxf4 exf4
34. Qxf4 Qe6 35. g5 h5 36. a4 bxa4 37. Qxa4 Rb8 38. Qd4+ Kg8 39. Rf6 Rfd8 40.
Qf4 Qg4 41. Qc7 Qd7 42. Qf4 Qg4 43. Qe3 Qh4 44. Rf1 Qc4 45. Rf2 Re8 46. Qc1
Rxb2+ 47. Kxb2 Rb8+ 48. Bb3 Rxb3+ 49. Ka1 Qxc3+ 50. Qxc3 Rxc3 51. Rh2 Rc5 52.
Rxh5 a5 53. Kb2 Kg7 54. Kb3 Kg6 0-1

[Event "Women's World Teams 2015"]
[Site "Chengdu CHN"]
[Date "2015.04.27"]
[Round "8.1"]
[Board "1"]
[White "Koneru, Humpy"]
[Black "Socko, Monika"]
[Result "1-0"]
[WhiteTitle "GM"]
[BlackTitle "GM"]
[WhiteElo "2581"]
[BlackElo "2463"]
[WhiteTeam "INDIA"]
[BlackTeam "POLAND"]
[WhiteFideId "5008123"]
[BlackFideId "1106619"]
[EventDate "2015.04.19"]

1. d4 Nf6 2. c4 e6 3. Nf3 Bb4+ 4. Nbd2 O-O 5. a3 Be7 6. e4 d5 7. e5 Nfd7 8. Bd3
c5 9. h4 g6 10. cxd5 exd5 11. h5 cxd4 12. Qc2 Nc5 13. hxg6 Nxd3+ 14. Qxd3 fxg6
15. Nxd4 Nc6 16. N2f3 Bg4 17. Bh6 Re8 18. O-O Bc5 19. Nxc6 bxc6 20. Rac1 Qb6 21.
b4 Bf8 22. Bxf8 Bxf3 23. Bc5 Be4 24. Qd2 Qa6 25. Qb2 Qc8 26. Qd4 a5 27. f3 Bf5
28. b5 cxb5 29. Bd6 Qd8 30. Qxd5+ Be6 31. Qxb5 Qh4 32. Qb6 a4 33. Rc6 Bc4 34.
Qb4 Qd4+ 35. Kh1 Qh4+ 36. Kg1 Qd4+ 37. Rf2 Qd1+ 38. Kh2 Be6 39. Qf4 Ra7 40. Rc1
Qb3 41. Qd4 Rb7 42. Rfc2 Qb5 43. Rc5 Qa6 44. Rc7 Rxc7 45. Rxc7 Qb5 46. Qa7 1-0

[Event "Women's World Teams 2015"]
[Site "Chengdu CHN"]
[Date "2015.04.27"]
[Round "8.1"]
[Board "2"]
[White "Zawadzka, Jolanta"]
[Black "Harika, Dronavalli"]
[Result "1/2-1/2"]
[WhiteTitle "WGM"]
[BlackTitle "GM"]
[WhiteElo "2422"]
[BlackElo "2492"]
[WhiteTeam "POLAND"]
[BlackTeam "INDIA"]
[WhiteFideId "1122320"]
[BlackFideId "5015197"]
[EventDate "2015.04.19"]

1. e4 e6 2. d4 d5 3. e5 c5 4. c3 Qb6 5. Nf3 Nc6 6. a3 Nh6 7. Bd3 cxd4 8. cxd4
Bd7 9. Bc2 Nf5 10. Bxf5 exf5 11. Nc3 Be6 12. O-O h6 13. b4 Be7 14. Na4 Qc7 15.
Bb2 b6 16. Rc1 Qd7 17. Qb3 O-O 18. Bc3 Rfc8 19. Nb2 Nd8 20. b5 Rc7 21. Bd2 Rac8
22. g3 Nb7 23. Rxc7 Rxc7 24. Nd3 Rc4 25. Rd1 Qc8 26. Nb2 Rc7 27. Nd3 Na5 28.
Bxa5 bxa5 29. Nf4 Rc4 30. b6 axb6 31. Qxb6 a4 32. Rd3 Qc6 33. Qa5 Qc7 34. Qa8+
Qc8 35. Qa7 1/2-1/2

[Event "Women's World Teams 2015"]
[Site "Chengdu CHN"]
[Date "2015.04.27"]
[Round "8.1"]
[Board "3"]
[White "Soumya, Swaminathan"]
[Black "Szczepkowska-Horowska, Karina"]
[Result "1-0"]
[WhiteTitle "WGM"]
[BlackTitle "WGM"]
[WhiteElo "2366"]
[BlackElo "2414"]
[WhiteTeam "INDIA"]
[BlackTeam "POLAND"]
[WhiteFideId "5016193"]
[BlackFideId "1122681"]
[EventDate "2015.04.19"]

1. e4 e5 2. Nf3 Nc6 3. Bb5 a6 4. Ba4 Nf6 5. O-O Be7 6. Re1 b5 7. Bb3 O-O 8. a4
b4 9. d4 d6 10. dxe5 Nxe5 11. Nxe5 dxe5 12. Qe2 Bb7 13. Rd1 Qe8 14. f3 Nh5 15.
Be3 Nf4 16. Qc4 Ne6 17. c3 a5 18. cxb4 axb4 19. Qc2 Nd4 20. Bxd4 exd4 21. Qxc7
Ba6 22. Nd2 Rc8 23. Qg3 Be2 24. Rdc1 d3 25. Qf2 Bf6 26. Nc4 Qd8 27. e5 Be7 28.
Kh1 Bc5 29. Qe1 Qd4 30. Qd2 Rc6 31. Qg5 Rg6 32. Qf5 d2 33. Nxd2 Qxd2 34. Rxc5
Ba6 35. Rc2 Qe3 36. Bd5 b3 37. Rc7 Qd2 38. Bxf7+ Kh8 39. Rg1 Rg5 40. Qd7 Qxb2
41. Qe7 1-0

[Event "Women's World Teams 2015"]
[Site "Chengdu CHN"]
[Date "2015.04.27"]
[Round "8.1"]
[Board "4"]
[White "Bartel, Marta"]
[Black "Gomes, Mary Ann"]
[Result "0-1"]
[WhiteTitle "WGM"]
[BlackTitle "WGM"]
[WhiteElo "2350"]
[BlackElo "2354"]
[WhiteTeam "POLAND"]
[BlackTeam "INDIA"]
[WhiteFideId "1123009"]
[BlackFideId "5013623"]
[EventDate "2015.04.19"]

1. d4 Nf6 2. Nf3 e6 3. c4 b6 4. Bf4 Bb7 5. e3 Be7 6. Nc3 O-O 7. Bd3 d5 8. cxd5
exd5 9. Qc2 c5 10. Ne5 Nc6 11. Nxc6 Bxc6 12. O-O c4 13. Bf5 b5 14. f3 g6 15. Bh3
Nh5 16. Bh6 Re8 17. Rae1 Bg5 18. Bxg5 Qxg5 19. Qf2 b4 20. Nd1 f5 21. f4 Qe7 22.
g4 fxg4 23. Bxg4 Nf6 24. Bf3 Ne4 25. Bxe4 Qxe4 26. Qg3 Qf5 27. Nf2 h5 28. Rc1
Rac8 29. Rfe1 Bb7 30. Nh3 c3 31. bxc3 bxc3 32. Ng5 Ba6 33. Nf3 Bd3 34. Ne5 Be4
35. Qh4 Re6 36. a4 Rb6 37. Re2 Rb2 38. Kf2 Qe6 39. Qg5 Rxe2+ 40. Kxe2 Qb6 41.
Kf1 Qb2 42. Re1 Qxh2 43. Re2 Qh1+ 44. Kf2 c2 0-1

[Event "Women's World Teams 2015"]
[Site "Chengdu CHN"]
[Date "2015.04.27"]
[Round "8.2"]
[Board "1"]
[White "Saduakassova, Dinara"]
[Black "Moaataz, Ayah"]
[Result "1-0"]
[WhiteTitle "WGM"]
[BlackTitle "WIM"]
[WhiteElo "2398"]
[BlackElo "2022"]
[WhiteTeam "KAZAKHSTAN"]
[BlackTeam "EGYPT"]
[WhiteFideId "13700090"]
[BlackFideId "10615873"]
[EventDate "2015.04.19"]

1. d4 d5 2. c4 e6 3. Nc3 Nf6 4. Bg5 Be7 5. e3 Nbd7 6. Nf3 O-O 7. Qc2 b6 8. cxd5
exd5 9. Bd3 Bb7 10. O-O Ne4 11. Bf4 f5 12. Ne5 g5 13. Nxd7 Qxd7 14. Be5 Bd6 15.
f4 Bxe5 16. fxe5 Kg7 17. Nb5 c6 18. Nc3 Rac8 19. Qa4 a5 20. Rac1 Qe7 21. Ne2 Rc7
22. Ng3 Nxg3 23. hxg3 Qd7 24. Qb3 b5 25. Qa3 a4 26. g4 f4 27. Bf5 Qe7 28. Qxe7+
Rxe7 29. exf4 gxf4 30. Rxf4 Ref7 31. g3 b4 32. Kf2 h6 33. Ke3 Rc7 34. Be6 Re7
35. Rxf8 Kxf8 36. Bf5 Kg7 37. Kf4 Rc7 38. g5 hxg5+ 39. Kxg5 Ba6 1-0

[Event "Women's World Teams 2015"]
[Site "Chengdu CHN"]
[Date "2015.04.27"]
[Round "8.2"]
[Board "2"]
[White "Dauletova, Gulmira"]
[Black "Sherif, Amina"]
[Result "1-0"]
[WhiteTitle "WIM"]
[BlackTitle "WIM"]
[WhiteElo "2201"]
[BlackElo "1961"]
[WhiteTeam "KAZAKHSTAN"]
[BlackTeam "EGYPT"]
[WhiteFideId "13702971"]
[BlackFideId "12911690"]
[EventDate "2015.04.19"]

1. e4 d5 2. exd5 Qxd5 3. Nc3 Qa5 4. Bc4 Nf6 5. d3 c6 6. Bd2 Qc7 7. Qe2 Bf5 8. h3
h5 9. Nf3 Nbd7 10. O-O Nb6 11. Bb3 e6 12. Nd4 Bg6 13. a4 Bd6 14. a5 Nbd5 15.
Nxd5 Nxd5 16. Bxd5 cxd5 17. Nxe6 Qe7 18. Nd4 Qxe2 19. Nxe2 O-O 20. Bc3 Rfe8 21.
Rfe1 Rac8 22. Kf1 f6 23. Rec1 Re7 24. Bd4 a6 25. Nc3 Rec7 26. Ke2 Kf8 27. Kd1
Bf7 28. Ne2 Bg6 29. Kd2 Kf7 30. c3 Bf5 31. Re1 g5 32. Bb6 Rd7 33. Nd4 Bg6 34.
Re2 h4 35. Rae1 Bh5 36. f3 Bg3 37. Rf1 Bg6 38. Nb3 Re8 39. Rxe8 Kxe8 40. Bf2
Bf4+ 41. Be3 Bxe3+ 42. Kxe3 Re7+ 43. Kd2 Kd7 44. f4 Bh5 45. Nd4 Bg6 46. fxg5
fxg5 47. Rf6 Bh7 48. Nf3 Rg7 49. Ne5+ Kc7 50. Rf7+ Rxf7 51. Nxf7 g4 52. hxg4 Bg8
53. Nh6 Be6 54. Ke3 Kc6 55. Kd4 Kd6 56. b4 1-0

[Event "Women's World Teams 2015"]
[Site "Chengdu CHN"]
[Date "2015.04.27"]
[Round "8.2"]
[Board "3"]
[White "Wafa, Shrook"]
[Black "Davletbayeva, Madina"]
[Result "1/2-1/2"]
[WhiteTitle "WGM"]
[BlackTitle "WIM"]
[WhiteElo "2058"]
[BlackElo "2231"]
[WhiteTeam "EGYPT"]
[BlackTeam "KAZAKHSTAN"]
[WhiteFideId "10609970"]
[BlackFideId "13703595"]
[EventDate "2015.04.19"]

1. e4 e5 2. Nf3 Nc6 3. Bb5 Nf6 4. O-O Nxe4 5. d4 Nd6 6. Bxc6 dxc6 7. dxe5 Nf5 8.
Qxd8+ Kxd8 9. Nc3 Ke8 10. h3 h6 11. b3 b6 12. Bb2 Bb7 13. Rad1 Rd8 14. Ne2 c5
15. Rxd8+ Kxd8 16. Rd1+ Kc8 17. Nf4 Bxf3 18. gxf3 Nh4 19. Rd3 h5 20. Kf1 Rh6 21.
Ke2 g5 22. Nd5 Re6 23. f4 c6 24. Nf6 gxf4 25. Nxh5 Ng6 26. Kf3 Bh6 27. Ke4 Nh4
28. Nf6 f3 29. Rd6 Rxd6 30. exd6 Bg5 31. c4 Bd2 32. Be5 Bg5 33. Bc3 Bc1 34. Ke5
Bh6 35. Ke4 Bc1 36. Be5 Bg5 37. Nh7 f5+ 38. Kd3 Bh6 39. Bf6 Ng6 40. Bg5 Bxg5 41.
Nxg5 Kd7 42. Ke3 Nh4 43. Kf4 Ng2+ 44. Kxf5 Ne3+ 45. Ke5 b5 46. cxb5 cxb5 47.
Nxf3 Nd1 48. h4 c4 49. Nd4 c3 50. f4 Ne3 51. h5 b4 52. f5 Ng4+ 53. Kf4 Nf6 54.
Kg5 Ne4+ 55. Kg6 Nxd6 56. h6 Ke8 57. h7 Nf7 58. Kg7 a5 59. f6 Nh8 60. Kh6 Kf7
61. Kg5 Ng6 62. Nc2 Nh8 63. Kf5 Ng6 64. a3 bxa3 65. Nxa3 Nh8 66. Ke5 Ng6+ 67.
Kd4 Kxf6 68. Kxc3 Kg7 69. Nc4 Kxh7 70. Nxa5 Kg7 71. Kc4 Kf7 72. Kd5 Ke8 73. Kc6
Kd8 74. b4 Kc8 75. b5 Ne5+ 76. Kd6 Nd7 77. Nc4 Nb8 78. Ne5 Kb7 79. Kd5 Kb6 80.
Kc4 Kb7 81. Kb4 Na6+ 82. Ka5 Nc7 83. b6 Nd5 1/2-1/2

[Event "Women's World Teams 2015"]
[Site "Chengdu CHN"]
[Date "2015.04.27"]
[Round "8.2"]
[Board "4"]
[White "Muzychuk, Anna"]
[Black "Gunina, Valentina"]
[Result "1-0"]
[WhiteTitle "GM"]
[BlackTitle "GM"]
[WhiteElo "2552"]
[BlackElo "2528"]
[WhiteTeam "UKRAINE"]
[BlackTeam "RUSSIA"]
[WhiteFideId "14111330"]
[BlackFideId "4167570"]
[EventDate "2015.04.19"]

1. e4 c6 2. d4 d5 3. Nc3 dxe4 4. Nxe4 Bf5 5. Ng3 Bg6 6. Nf3 Nd7 7. Bd3 Qc7 8.
O-O e6 9. Re1 Ngf6 10. Bg5 Bd6 11. c4 O-O 12. Bxg6 hxg6 13. a3 Rfe8 14. Qd2 Nh7
15. Be3 Nhf6 16. c5 Bxg3 17. hxg3 Nd5 18. Bf4 Nxf4 19. gxf4 Rad8 20. Qe3 Nf6 21.
g3 Ng4 22. Qe4 Rd5 23. Kg2 Red8 24. Rh1 Qe7 25. Rh4 Rh5 26. Rxg4 f5 27. Qe3 fxg4
28. Ng5 Qd7 29. Re1 Qd5+ 30. Qe4 Rxg5 31. fxg5 Kf7 32. Re3 Ke7 33. Qxd5 Rxd5 34.
Rb3 Rd7 35. f4 gxf3+ 36. Kxf3 Rd5 37. Kg2 Rd7 38. Kf3 e5 39. dxe5 Ke6 40. Ke4 a5
41. g4 a4 42. Rb4 Rd5 43. Rxb7 Rxe5+ 44. Kf4 Rxc5 45. Rxg7 Rc2 46. Rxg6+ Kf7 47.
Rd6 Rf2+ 48. Ke5 Rxb2 49. Rd4 Rb3 50. Rxa4 Rd3 51. Rf4+ Kg6 52. a4 Rc3 53. Kd6
Kxg5 54. Rf5+ Kxg4 55. Rc5 Ra3 56. a5 Kf4 57. Kxc6 Ke4 58. Kb6 Kd4 59. Rb5 Rh3
60. a6 Rh6+ 61. Ka5 Rh7 62. Rb7 Rh5+ 63. Kb4 Rh1 64. Rd7+ Ke5 65. a7 Ra1 66. Kc5
Ke6 67. Rh7 Ra2 68. Kc6 Ra1 69. Kb7 Rb1+ 70. Kc8 Ra1 71. Kb8 1-0

[Event "Women's World Teams 2015"]
[Site "Chengdu CHN"]
[Date "2015.04.27"]
[Round "8.3"]
[Board "2"]
[White "Ushenina, Anna"]
[Black "Pogonina, Natalija"]
[Result "0-1"]
[WhiteTitle "GM"]
[BlackTitle "WGM"]
[WhiteElo "2486"]
[BlackElo "2456"]
[WhiteTeam "UKRAINE"]
[BlackTeam "RUSSIA"]
[WhiteFideId "14110911"]
[BlackFideId "4147855"]
[EventDate "2015.04.19"]

1. Nf3 d5 2. g3 Bg4 3. Bg2 Nd7 4. c4 e6 5. cxd5 exd5 6. O-O Ngf6 7. d3 Bc5 8.
Nc3 c6 9. Qb3 Bb6 10. Na4 O-O 11. Nxb6 axb6 12. Qc2 Re8 13. Re1 Qe7 14. b3 h6
15. Bb2 Bf5 16. Nd4 Bg6 17. e4 Qc5 18. f3 Ne5 19. Qe2 b5 20. f4 dxe4 21. fxe5
exd3 22. Qd2 Nd7 23. b4 Qb6 24. Qf4 Ra4 25. a3 c5 26. Nf3 cxb4+ 27. Bd4 Qe6 28.
axb4 Rxb4 29. Reb1 Rb3 30. Rxb3 Qxb3 31. Qe3 b6 32. Nd2 Qc2 33. Rb1 Nxe5 34.
Bxe5 f6 35. Bd5+ Kh7 36. Bb3 Qc6 37. Nf3 fxe5 38. Nxe5 Qd6 39. Re1 d2 40. Rd1
Rxe5 41. Qxd2 Qc5+ 42. Qd4 Re1+ 43. Kg2 Be4+ 44. Kf2 Rxd1 45. Qxc5 bxc5 46. Bxd1
Kg6 47. Be2 b4 0-1

[Event "Women's World Teams 2015"]
[Site "Chengdu CHN"]
[Date "2015.04.27"]
[Round "8.3"]
[Board "3"]
[White "Girya, Olga"]
[Black "Zhukova, Natalia"]
[Result "1-0"]
[WhiteTitle "WGM"]
[BlackTitle "GM"]
[WhiteElo "2459"]
[BlackElo "2471"]
[WhiteTeam "RUSSIA"]
[BlackTeam "UKRAINE"]
[WhiteFideId "4195752"]
[BlackFideId "14101513"]
[EventDate "2015.04.19"]

1. d4 Nf6 2. c4 c5 3. d5 b5 4. cxb5 a6 5. bxa6 g6 6. Nc3 Bg7 7. e4 O-O 8. a4 e6
9. dxe6 fxe6 10. Nf3 d5 11. exd5 exd5 12. Bb5 Bxa6 13. Bxa6 Nxa6 14. O-O Nb4 15.
Bg5 Qd7 16. Re1 Kh8 17. Qd2 Qb7 18. Bxf6 Rxf6 19. Re2 d4 20. Ne4 d3 21. Nxc5 Qd5
22. Re5 Qf7 23. Qxb4 Rxf3 24. Qe4 Bxe5 25. Qxa8+ Qf8 26. Qxf3 1-0

[Event "Women's World Teams 2015"]
[Site "Chengdu CHN"]
[Date "2015.04.27"]
[Round "8.3"]
[Board "4"]
[White "Abrahamyan, Tatev"]
[Black "Ju, Wenjun"]
[Result "0-1"]
[WhiteTitle "WGM"]
[BlackTitle "GM"]
[WhiteElo "2322"]
[BlackElo "2557"]
[WhiteTeam "UNITED STATES OF AMERICA"]
[BlackTeam "CHINA"]
[WhiteFideId "13301918"]
[BlackFideId "8603006"]
[EventDate "2015.04.19"]

1. e4 c5 2. Nf3 e6 3. d4 cxd4 4. Nxd4 Nc6 5. Nc3 Qc7 6. f4 Nxd4 7. Qxd4 a6 8.
Be3 b5 9. O-O-O Bb7 10. Bd3 Rc8 11. Kb1 b4 12. Na4 Nf6 13. Rhe1 Be7 14. g4 h6
15. h4 d5 16. exd5 Nxd5 17. g5 O-O 18. Bc1 h5 19. g6 Qa5 20. b3 Bf6 21. Qg1 Bc6
22. Qd4 Bb7 23. Qg1 Bc6 24. gxf7+ Rxf7 25. Bb2 Bxa4 26. bxa4 Nxf4 27. Bxf6 Rxf6
28. Be4 Rf7 29. Bd3 Rf6 30. Be4 Qxa4 31. Bd3 Rf7 32. Be4 Rf6 33. Rd6 Qa5 34.
Rdd1 Qa4 35. Rd6 Nd5 36. Rxd5 exd5 37. Bxd5+ Kh8 38. Qg2 Re8 39. Rg1 Qd7 40. Bf3
Rfe6 41. Qg3 Qe7 42. Bd1 Re1 43. Rxe1 Qxe1 44. Qf3 Rd8 0-1

[Event "Women's World Teams 2015"]
[Site "Chengdu CHN"]
[Date "2015.04.27"]
[Round "8.4"]
[Board "1"]
[White "Shen, Yang"]
[Black "Nemcova, Katerina"]
[Result "1-0"]
[WhiteTitle "IM"]
[BlackTitle "WGM"]
[WhiteElo "2459"]
[BlackElo "2279"]
[WhiteTeam "CHINA"]
[BlackTeam "UNITED STATES OF AMERICA"]
[WhiteFideId "8603162"]
[BlackFideId "322750"]
[EventDate "2015.04.19"]

1. c4 Nf6 2. d4 e6 3. Nf3 d5 4. Nc3 c5 5. cxd5 Nxd5 6. e4 Nxc3 7. bxc3 cxd4 8.
cxd4 Bb4+ 9. Bd2 Bxd2+ 10. Qxd2 O-O 11. Bc4 Nd7 12. O-O b6 13. Rad1 Bb7 14. Rfe1
h6 15. Qf4 Rc8 16. Bb3 Qf6 17. Qg4 Rfd8 18. h4 Rc3 19. Re3 Rxe3 20. fxe3 h5 21.
Qxh5 Bxe4 22. Ng5 Qg6 23. Qxg6 Bxg6 24. Rc1 Nf6 25. Rc7 Ra8 26. Rb7 Rc8 27. Kf2
Ne4+ 28. Nxe4 Bxe4 29. Rxa7 Rc1 30. g4 b5 31. Ra5 Bc6 32. Ra6 Be4 33. h5 g5 34.
Rb6 Bd3 35. d5 exd5 36. Bxd5 Rf1+ 37. Kg2 Re1 38. e4 Bc4 39. Rg6+ Kh7 40. Rxg5
Bxd5 41. exd5 Re2+ 42. Kf3 Rxa2 43. Ke4 Rd2 44. Ke5 b4 45. Rf5 Kg7 46. Rf3 Rg2
47. d6 Kf8 48. Rf4 b3 49. Rb4 Kg7 50. Rf4 Kf8 51. Rb4 Re2+ 52. Kd5 Rd2+ 53. Kc6
Rg2 54. Rf4 Rd2 55. Rb4 b2 56. h6 Kg8 57. d7 Rc2+ 58. Kd6 Rd2+ 59. Kc7 Rc2+ 60.
Kd8 Kf8 61. Rb8 f6 62. h7 Kg7 63. h8=Q+ Kxh8 64. Ke7+ Kg7 65. d8=Q Re2+ 66. Kd7
Rd2+ 67. Ke8 1-0

[Event "Women's World Teams 2015"]
[Site "Chengdu CHN"]
[Date "2015.04.27"]
[Round "8.4"]
[Board "2"]
[White "Foisor, Sabina-Francesca"]
[Black "Lei, Tingjie"]
[Result "1/2-1/2"]
[WhiteTitle "WGM"]
[BlackTitle "WGM"]
[WhiteElo "2276"]
[BlackElo "2444"]
[WhiteTeam "UNITED STATES OF AMERICA"]
[BlackTeam "CHINA"]
[WhiteFideId "1212915"]
[BlackFideId "8605114"]
[EventDate "2015.04.19"]

1. d4 Nf6 2. c4 g6 3. Nc3 d5 4. cxd5 Nxd5 5. e4 Nxc3 6. bxc3 Bg7 7. Be3 c5 8.
Nf3 Bg4 9. Rc1 O-O 10. Be2 Qa5 11. O-O Qxa2 12. Ra1 Qe6 13. Qb1 Qc8 14. h3 Bxf3
15. Bxf3 Rd8 16. Rd1 Qc7 17. Ra3 Nd7 18. dxc5 Nxc5 19. Rxd8+ Rxd8 20. Rxa7 Bxc3
21. Qb5 Rc8 22. Bxc5 Rd8 23. Be3 Rc8 24. Bc5 Qxc5 25. Qxc5 Rxc5 26. Rxb7 Be5 27.
Rb1 Rc2 28. Re1 Bd4 29. Re2 Rc1+ 30. Kh2 Rf1 31. g4 g5 32. Rd2 Bb6 33. Rb2 Bc7+
34. Kg2 Rc1 35. Be2 Kg7 36. Rb5 Bf4 37. Rb2 Kf6 38. Rb5 e6 39. Rb2 Bd6 40. Rd2
Ke5 41. Rd1 Rc2 42. Kf3 h6 43. Rd3 f6 44. Bd1 Rc4 45. Re3 Bc5 46. Re2 Rc3+ 47.
Kg2 Rc1 48. Rc2 Rxd1 49. Rxc5+ Kxe4 50. Rc6 Ke5 51. Rc8 f5 52. Rh8 fxg4 53. hxg4
Kf4 54. Rxh6 Re1 55. Rf6+ Kxg4 56. f3+ Kh5 57. Kg3 Re2 58. Kh3 Re3 59. Kg2 g4
60. fxg4+ Kxg4 61. Kf2 Re4 62. Rg6+ Kf5 63. Rg3 Ra4 64. Ke2 e5 65. Rf3+ Ke6 66.
Rb3 Rh4 67. Rg3 Re4+ 68. Kd3 Rh4 1/2-1/2

[Event "Women's World Teams 2015"]
[Site "Chengdu CHN"]
[Date "2015.04.27"]
[Round "8.4"]
[Board "3"]
[White "Ding, Yixin"]
[Black "Melekhina, Alisa"]
[Result "1-0"]
[WhiteTitle "WGM"]
[BlackTitle "FM"]
[WhiteElo "2434"]
[BlackElo "2235"]
[WhiteTeam "CHINA"]
[BlackTeam "UNITED STATES OF AMERICA"]
[WhiteFideId "8602972"]
[BlackFideId "2022613"]
[EventDate "2015.04.19"]

1. e4 c5 2. Nf3 g6 3. c3 Bg7 4. d4 cxd4 5. cxd4 d6 6. h3 Nf6 7. Nc3 O-O 8. Bd3
Nc6 9. O-O Nd7 10. Be3 e5 11. Bg5 f6 12. Bc4+ Kh8 13. Be3 Nb6 14. Bb3 Na5 15.
dxe5 dxe5 16. Bc5 Nxb3 17. Bxf8 Qxf8 18. Qxb3 Qe7 19. Nd5 Nxd5 20. exd5 g5 21.
Rfd1 Qd6 22. Nd2 g4 23. Ne4 Qd8 24. d6 Bf5 25. Nc5 gxh3 26. Nxb7 Qe8 27. d7 Bxd7
28. Nd6 Be6 29. Nxe8 Bxb3 30. axb3 Rxe8 31. gxh3 f5 32. Rxa7 e4 33. Rad7 Bf6 34.
Rf7 Re6 35. Ra1 Kg8 36. Rfa7 Bd4 37. R1a6 Re5 38. Rd7 Bc5 39. Ra8+ 1-0

[Event "Women's World Teams 2015"]
[Site "Chengdu CHN"]
[Date "2015.04.27"]
[Round "8.4"]
[Board "4"]
[White "Khotenashvili, Bela"]
[Black "Danielian, Elina"]
[Result "1-0"]
[WhiteTitle "GM"]
[BlackTitle "GM"]
[WhiteElo "2513"]
[BlackElo "2488"]
[WhiteTeam "GEORGIA"]
[BlackTeam "ARMENIA"]
[WhiteFideId "13602640"]
[BlackFideId "13300210"]
[EventDate "2015.04.19"]

1. d4 Nf6 2. c4 e6 3. Nf3 b6 4. g3 Bb7 5. Bg2 Be7 6. O-O O-O 7. Re1 c5 8. d5
exd5 9. Nh4 Ne4 10. cxd5 Bxh4 11. Bxe4 Bf6 12. Na3 d6 13. Qc2 h6 14. Bf4 Bg5 15.
Bxg5 hxg5 16. Nc4 b5 17. Nd2 Na6 18. a3 Re8 19. Rad1 Qf6 20. Bg2 g4 21. Nf1 Bc8
22. e4 Bd7 23. b3 Rac8 24. Ne3 c4 25. b4 Nc7 26. Qd2 Na8 27. Nc2 Nb6 28. Nd4 c3
29. Qd3 Na4 30. Rc1 Rc4 31. Nc2 a5 32. Bf1 axb4 33. axb4 Qg6 34. Bg2 Qg5 35. Qe3
Qxe3 36. Rxe3 f5 37. exf5 Rxe3 38. fxe3 Bxf5 39. Bf1 Rc7 40. Nd4 Be4 41. Nxb5
Rd7 42. Nxc3 Nxc3 43. Rxc3 Ra7 44. Rc4 Bf3 45. e4 Kf7 46. b5 Ra1 47. Kf2 Rb1 48.
Bd3 Rb3 49. Ke3 Kf6 50. Rc8 Ke7 51. Rc7+ Kd8 52. Rxg7 Rb2 53. h4 Rg2 1-0

[Event "Women's World Teams 2015"]
[Site "Chengdu CHN"]
[Date "2015.04.27"]
[Round "8.5"]
[Board "1"]
[White "Mkrtchian, Lilit"]
[Black "Javakhishvili, Lela"]
[Result "1-0"]
[WhiteTitle "IM"]
[BlackTitle "IM"]
[WhiteElo "2443"]
[BlackElo "2481"]
[WhiteTeam "ARMENIA"]
[BlackTeam "GEORGIA"]
[WhiteFideId "13300601"]
[BlackFideId "13601458"]
[EventDate "2015.04.19"]

1. c4 e6 2. Nc3 Nf6 3. Nf3 Bb4 4. Qc2 O-O 5. a3 Bxc3 6. Qxc3 b6 7. e3 Bb7 8. Be2
c5 9. b4 d6 10. Bb2 Nbd7 11. O-O Qe7 12. d3 Rfc8 13. Nd2 e5 14. e4 cxb4 15. axb4
d5 16. Bf3 d4 17. Qb3 Rc7 18. Be2 a5 19. f4 axb4 20. fxe5 Nxe5 21. Bxd4 Nfd7 22.
Rxa8+ Bxa8 23. Ba1 Nc6 24. d4 Ra7 25. Bb2 Bb7 26. Bd1 h6 27. Qd3 Ra2 28. Qb1 Ra8
29. Bb3 Na5 30. Bc2 Nc6 31. Qc1 Nf8 32. Bb1 Rd8 33. Nf3 Na5 34. d5 Ba6 35. Nd2
Rc8 36. Bd3 Nxc4 37. Bxc4 Bxc4 38. Nxc4 b5 39. Bxg7 Kxg7 40. Qb2+ Kg8 41. Ne5 b3
42. Nxf7 Rc2 43. Qh8# 1-0

[Event "Women's World Teams 2015"]
[Site "Chengdu CHN"]
[Date "2015.04.27"]
[Round "8.5"]
[Board "2"]
[White "Arabidze, Meri"]
[Black "Galojan, Lilit"]
[Result "1-0"]
[WhiteTitle "IM"]
[BlackTitle "IM"]
[WhiteElo "2374"]
[BlackElo "2277"]
[WhiteTeam "GEORGIA"]
[BlackTeam "ARMENIA"]
[WhiteFideId "13604040"]
[BlackFideId "13301314"]
[EventDate "2015.04.19"]

1. d4 Nf6 2. c4 e6 3. Nf3 b6 4. g3 Ba6 5. Qc2 Bb7 6. Bg2 c5 7. d5 exd5 8. cxd5
Nxd5 9. O-O Be7 10. Rd1 Qc8 11. a3 Nc7 12. e4 O-O 13. Nc3 Re8 14. Be3 Nc6 15. e5
Ne6 16. Qf5 Na5 17. Nd5 Bxd5 18. Rxd5 a6 19. Rad1 Ra7 20. Bf1 Nc6 21. h4 Rc7 22.
h5 g6 23. Qh3 Bf8 24. Nd2 Ne7 25. Rd3 Bg7 26. Nc4 Nf5 27. Nxb6 Qb7 28. Nc4 Ned4
29. Bg2 Qb5 30. Nd6 Nxd6 31. exd6 Rcc8 32. h6 Bf6 33. Qg4 Nf5 34. Bc1 Bd4 35. b3
Qb6 36. Rf3 Re5 37. Bf4 Re6 38. Rfd3 Nxd6 39. Bd5 Nf5 40. Bxe6 fxe6 41. Qe2 Re8
42. g4 e5 43. gxf5 Kf8 44. Be3 gxf5 45. Bxd4 cxd4 46. Qh5 Qf6 47. Rg3 Ke7 48.
Rg7+ 1-0